000 00387nam a2200157Ia 4500
005 20240807062200.0
008 240806s9999||||xx |||||||||||||| ||eng||
041 _aeng
082 _a891.433
_bHANJ
100 _aShubhangi
245 0 _aHaja jaha charan pade goutam ke /
_cShubhangi
260 _bHindi Paket Book New Del.
300 _a540
650 _aGeneral Studies
942 _cBK
999 _c10951
_d10951